|
|
|
|
| LEADER |
00000cam a2200000 7i4500 |
| 001 |
0000007407 |
| 005 |
20080903093000.0 |
| 008 |
060920s2000 sp eng |
| 020 |
|
|
|a 8481852287
|
| 090 |
0 |
0 |
|a NC730
|b .S34 2000
|
| 245 |
0 |
0 |
|a School of drawing
|c [author, Arco editorial team ; editor, Francisco Asensio Cerver]
|
| 260 |
2 |
|
|a Barcelona :
|b Atrium International ,
|c c2000
|
| 300 |
|
|
|a 166 p. :
|b col. ill. ;
|c 31 cm.
|
| 500 |
|
|
|a "Start to learn how to draw: the first 21 steps to get started in artistic drawing" -- Cover
|
| 650 |
|
0 |
|a Drawing
|x Technique
|
| 999 |
|
|
|a 1000105706
|b Book
|c Open Shelf (1 Day)
|e Gong Badak Campus
|